00466nam a2200109Ia 4500008004100000050002800041100002200069245011900091260008600210300003300296521002700329140724s9999 xx 000 0 und d aTK 5105.888b.M342 2011 aMariquina, Lea S. aRich user experience web application for Bachelor of Science in Information Technology (BSIT) /cLea S. Mariquina. aLas Piñas, Philippines :bSouthville International School and Colleges,cc2011. a48 p. :bcol. Ill. ;c28 cm. aInformation Technology